| 000 | 00846nas a2200289 4500 | ||
|---|---|---|---|
| 001 | BR2011004384 | ||
| 003 | BR-BrBNA | ||
| 005 | 20231205115457.0 | ||
| 007 | ta | ||
| 008 | 230509b bl.|||p| |||| 00| 00por d | ||
| 040 |
_aBR-BrBNA _bpor _cBiblioteca Nacional de Agricultura |
||
| 041 | _a(Pt) | ||
| 072 | _aL51 | ||
| 100 | 1 | _aCamara, A.C.L. | |
| 100 | 1 | _aAfonso, J.A.B. | |
| 100 | 1 | _aCosta, N. de A. | |
| 100 | 1 | _aMendonça, C.L. de | |
| 100 | 1 | _aSouza, M.I. de | |
| 245 | 1 | _aCompactação primária do abomaso em 14 bovinos no estado de Pernambuco | |
| 650 | _aBOVINO | ||
| 650 | _aRUMEN | ||
| 650 | _aABOMASO | ||
| 650 | _aPERNAMBUCO | ||
| 773 | 0 |
_tPesquisa Veterinária Brasileira (Brazil) _xISSN 0100-736X _g(May 2009), v. 29(5) p. 387-394 _wBR2011004384 |
|
| 909 |
_a202311 _bLúcia _c55 _dLúcia Elande |
||
| 942 |
_2AGRIS _n0 _cANA |
||
| 999 |
_c214019 _d214019 |
||